000
00228nmm a2200085Ia 4500
008
220120s9999||||xx |||||||||||||||||und||
100
_a
PCQ
245
0
_a
50 finance and business management tools for personal nd bus
260
_c
2015
999
_c
139965
_d
139965